Das christliche Bekenntnis zu Jesus, dem Juden: eine Christologie

Saved in:  
Bibliographic Details
Main Author: Marquardt, Friedrich-Wilhelm 1928-2002 (Author)
Format: Print Book
Language:German
Subito Delivery Service: Order now.
Check availability: HBZ Gateway
Interlibrary Loan:Interlibrary Loan for the Fachinformationsdienste (Specialized Information Services in Germany)
Published: München Kaiser 1990-1998
In:Year: 1990
Volumes / Articles:Show volumes/articles.
Standardized Subjects / Keyword chains:B Jesus Christus / Non-Christian religion
B Jesus Christus / Judaism
B Christology
Further subjects:B Jesus Christ Person and offices

MARC

LEADER 00000cam a2200000 ca4500
001 031999255
003 DE-627
005 20251219212753.0
007 tu
008 900926m19901998gw ||||| 00| ||ger c
015 |a 94,A05,0307  |2 dnb 
016 7 |a 551658215  |2 DE-101 
035 |a (DE-627)031999255 
035 |a (DE-576)9031999253 
035 |a (DE-599)GBV031999255 
040 |a DE-627  |b ger  |c DE-627  |e rakwb 
041 |a ger 
044 |c XA-DE 
050 0 |a BT202 
082 0 |a 232 
084 |a 12  |2 sdnb 
084 |a BH 2000  |2 rvk  |0 (DE-625)rvk/11586: 
084 |a BH 6000  |2 rvk  |0 (DE-625)rvk/11729: 
084 |a 11.61  |2 bkl 
084 |a 11.00  |2 bkl 
100 1 |0 (DE-588)118731149  |0 (DE-627)079512208  |0 (DE-576)16213732X  |4 aut  |a Marquardt, Friedrich-Wilhelm  |d 1928-2002 
109 |a Marquardt, Friedrich-Wilhelm 1928-2002 
245 1 4 |a Das christliche Bekenntnis zu Jesus, dem Juden  |b eine Christologie  |c Friedrich-Wilhelm Marquardt 
264 1 |a München  |b Kaiser  |c 1990-1998 
300 |c 24 cm 
336 |a Text  |b txt  |2 rdacontent 
337 |a ohne Hilfsmittel zu benutzen  |b n  |2 rdamedia 
338 |a Band  |b nc  |2 rdacarrier 
515 |a Erschienen: 1 - 2 
600 1 0 |a Jesus Christ  |x Person and offices 
601 |a Bekenntnis 
689 0 0 |d p  |0 (DE-588)118557513  |0 (DE-627)079354688  |0 (DE-576)208978216  |2 gnd  |a Jesus Christus 
689 0 1 |d s  |0 (DE-588)4075367-0  |0 (DE-627)104603305  |0 (DE-576)209197501  |2 gnd  |a Nichtchristliche Religion 
689 0 |5 DE-101 
689 1 0 |d p  |0 (DE-588)118557513  |0 (DE-627)079354688  |0 (DE-576)208978216  |2 gnd  |a Jesus Christus 
689 1 1 |d s  |0 (DE-588)4114087-4  |0 (DE-627)104603151  |0 (DE-576)20948182X  |2 gnd  |a Judentum 
689 1 |5 DE-101 
689 2 0 |d s  |0 (DE-588)4010141-1  |0 (DE-627)106359606  |0 (DE-576)20888615X  |2 gnd  |a Christologie 
689 2 |5 DE-101 
889 |w (DE-627)574522395 
935 |a JALB  |a mteo 
936 r v |a BH 2000  |b Gesamtdarstellungen  |k Theologie und Religionswissenschaften  |k Evangelische Dogmatik  |k Allgemeines  |k Systematische Theologie des 20. Jahrhundert  |k Gesamtdarstellungen  |0 (DE-627)1272001253  |0 (DE-625)rvk/11586:  |0 (DE-576)202001253 
936 r v |a BH 6000  |b Allgemeine Darstellungen  |k Theologie und Religionswissenschaften  |k Evangelische Dogmatik  |k Spezielle Dogmatik  |k Christologie  |k Allgemeine Darstellungen  |0 (DE-627)1271900548  |0 (DE-625)rvk/11729:  |0 (DE-576)201900548 
936 b k |a 11.61  |j Dogmatik  |j Konfessionskunde  |0 (DE-627)106403850 
936 b k |a 11.00  |j Theologie  |j Religionswissenschaft: Allgemeines  |q coli-conc NSK->BK  |q https://coli-conc.gbv.de/api/mappings/f84af606-91a3-411d-b6bd-06d818fa3caf  |0 (DE-627)106415271 
951 |a MC 
ELC |b 1 
LOK |0 000 xxxxxcx a22 zn 4500 
LOK |0 001 4579092635 
LOK |0 003 DE-627 
LOK |0 004 031999255 
LOK |0 005 20240912111648 
LOK |0 008 240912||||||||||||||||ger||||||| 
LOK |0 040   |a DE-Tue135  |c DE-627  |d DE-Tue135 
LOK |0 092   |o n 
LOK |0 852   |a DE-Tue135 
LOK |0 852 1  |9 00 
LOK |0 935   |a JALB 
LOK |0 939   |a 12-09-24  |b l01 
ORI |a SA-MARC-ixtheoa001.raw 
SPR |a 1  |t IXT 
STA 0 0 |a Christology,Judaism,Judaism,Judaism in literature,Non-Christian religion 
STB 0 0 |a Christologie,Judaïsme,Judaïsme,Religion non chrétienne 
STC 0 0 |a Cristología,Judaísmo,Judaísmo,Religión no cristiana 
STD 0 0 |a Cristologia,Ebraismo,Ebraismo,Religione non cristiana 
STE 0 0 |a 基督论,犹太教,犹太教,非基督教宗教 
STF 0 0 |a 基督論,猶太教,猶太教,非基督教宗教 
STG 0 0 |a Cristologia,Judaísmo,Judaísmo,Religião não cristã 
STH 0 0 |a Иудаизм (мотив),Иудаизм,Нехристианская религия,Христология 
STI 0 0 |a Ιουδαϊσμός (μοτίβο),Ιουδαϊσμός,Μη χριστιανική θρησκεία,Χριστολογία 
SYG 0 0 |a Yeshuʿa,Yeshua,Iesus Nazarenus Rex Iudaeorum,Iesu Keriso,Jẽzaus Kristaus,Jésus-Christ,Iēsus,ho Nazōraios,Gesù Cristo,Ješūʿa,Isus Hristos,Jisous Khristos,Jesú Krist,Iĩsa Chrtá,Jezus Chrystus,Jezus,Jeschua,Jesus,of Nazareth,Iesu Kristo,Chesus Christ,Jhesus Christus,Jésus,le Christ,Jesus,Nazarenus,Jésus,de Nazareth,Jesucristo,Jesus Christ,Jesuo Kristo,Jesusse Kristusse,Jesuse Kristuse,Jesuksen Kristuksen,Jesu Kristo,Jesus Kristus,Yasūʿ,Yeshu,Hisows K'ristos,Ieso K'riste,Iēsus Christos,Iisus Christos,ʿĪsā Ibn-Maryam,Christus,Jesus,von Nazareth,Jesus,von Nazaret,Cristo,Jesus,Ye su,Yesu,Ye, Su , Ješiša Krista,Gesù , Außerchristliche Religion , Yeshuʿa,Yeshua,Iesus Nazarenus Rex Iudaeorum,Iesu Keriso,Jẽzaus Kristaus,Jésus-Christ,Iēsus,ho Nazōraios,Gesù Cristo,Ješūʿa,Isus Hristos,Jisous Khristos,Jesú Krist,Iĩsa Chrtá,Jezus Chrystus,Jezus,Jeschua,Jesus,of Nazareth,Iesu Kristo,Chesus Christ,Jhesus Christus,Jésus,le Christ,Jesus,Nazarenus,Jésus,de Nazareth,Jesucristo,Jesus Christ,Jesuo Kristo,Jesusse Kristusse,Jesuse Kristuse,Jesuksen Kristuksen,Jesu Kristo,Jesus Kristus,Yasūʿ,Yeshu,Hisows K'ristos,Ieso K'riste,Iēsus Christos,Iisus Christos,ʿĪsā Ibn-Maryam,Christus,Jesus,von Nazareth,Jesus,von Nazaret,Cristo,Jesus,Ye su,Yesu,Ye, Su , Ješiša Krista,Gesù , Judaism,Judaismus,Jüdische Religion,Zionism,Zionismus,Jüdische Religion,Judaismus,Jüdische Religion,Judaismus